Statistics for WWE SuperCard - RR23 Tier

Click here to take the quiz!

General Stats

  • This quiz has been taken 2 times
  • The average score is 37 of 77

Answer Stats

HintAnswer% Correct
FemaleAsuka
100%
MaleAustin Theory
100%
FemaleBecky Lynch
100%
FemaleBianca Belair
100%
FemaleCarmella
100%
FemaleCharlotte Flair
100%
MaleFinn Bálor
100%
FemaleRhea Ripley
100%
MaleRoman Reigns
100%
FemaleRonda Rousey
100%
MaleSeth "Freakin" Rollins
100%
MaleAJ Styles
50%
FemaleAlexa Bliss
50%
MaleAndre The Giant
50%
MaleAngelo Dawkins
50%
FemaleBeth Phoenix
50%
MaleBraun Strowman
50%
MaleBret "Hit Man" Hart
50%
MaleBron Breakker
50%
MaleButch
50%
MaleDamian Priest
50%
MaleDexter Lumis
50%
MaleDiesel
50%
MaleDominik Mysterio
50%
MaleDrew McIntyre
50%
MaleEdge
50%
FemaleEmma
50%
MaleGiovanni Vinci
50%
MaleGunther
50%
MaleJerry "The King" Lawler
50%
MaleJey Uso
50%
MaleJimmy Uso
50%
MaleJohnny Gargano
50%
MaleKarl Anderson
50%
MaleKarrion Kross
50%
MaleKevin Owens
50%
MaleKofi Kingston
50%
FemaleLacey Evans
50%
FemaleLiv Morgan
50%
MaleLudwig Kaiser
50%
MaleLuke Gallows
50%
MaleMontez Ford
50%
Male"Mr. Perfect" Curt Hennig
50%
MaleRicochet
50%
MaleRidge Holland
50%
FemaleRoxanne Perez
50%
MaleR-Truth
50%
MaleSami Zayn
50%
MaleShawn Michaels
50%
FemaleShayna Baszler
50%
MaleSheamus
50%
MaleShinsuke Nakamura
50%
MaleSolo Sikoa
50%
Male"Stone Cold" Steve Austin
50%
Male"The All Mighty" Bobby Lashley
50%
Male"The American Dream" Dusty Rhodes
50%
Male"The American Nightmare" Cody Rhodes
50%
MaleTriple H
50%
MaleUmaga
50%
MaleUndertaker
50%
FemaleValhalla
50%
MaleXavier Woods
50%
MaleBatista
0%
MaleCactus Jack
0%
MaleCameron Grimes
0%
MaleElias
0%
FemaleEve
0%
MaleGoldberg
0%
MaleKane
0%
MaleOmos
0%
MaleRick Steiner
0%
MaleShelton Benjamin
0%
FemaleTegan Nox
0%
MaleThe Boogeyman
0%
MaleThe Great Khali
0%
MaleThe Hurricane
0%
MaleTitus O'Neil
0%

Score Distribution

Percentile by Number Answered

Percent of People with Each Score

Your Score History

You have not taken this quiz